Score 0/20 Timer 02:00
1 Play Today
Hint Answer % Correct
Golden ____ BridgeGate
99.5%
____ Island and PrisonAlcatraz
85.2%
____ Strauss & CompanyLevi
81.8%
Cable ____ MuseumCar
81.7%
Treasure ____Island
80%
Fisherman's ____Wharf
79.7%
Ghirardelli ____ CompanyChocolate
77.3%
Candlestick ____Point
74.3%
Federal Reserve ____ of San FranciscoBank
70.1%
Lombard ____Street
61.6%
Hint Answer % Correct
Palace of ____ ArtsFine
52.6%
Haight ____ Free ClinicsAshbury
49.8%
The Transamerica _____Pyramid
47.1%
Parrots of Telegraph ____Hill
43%
Pacific ____ and Electric CompanyGas
43%
Pier 39 ____ LionsSea
42%
United States ____ & SubtreasuryMint
40.9%
Coit ____Tower
39.7%
Japanese ____ GardenTea
32.6%
____ Dolores (____ San Francisco de Asís)Mission
15.5%

Today's Daily Dose

Missing Word
I Hardly Know Her!

Word Ladder
Sentence Ending

Quick Pick
Female Firsts

Get the Picture
Triathlon Sports

Remove Ads.
Support Sporcle.
Get the best of Sporcle when you Go Orange. This ad-free experience offers more features, more stats, and more fun while also helping to support Sporcle. Thank you for becoming a member.

You're not logged in!

Compare scores with friends on all Sporcle quizzes.
OR
Log In

Show Comments

Extras

Top Quizzes Today


Score Distribution

Your Account Isn't Verified!

In order to create a playlist on Sporcle, you need to verify the email address you used during registration. Go to your Sporcle Settings to finish the process.

Report this User

Report this user for behavior that violates our Community Guidelines.

Details: